[Event "New York 1000 GM Spring GM-B"]
[Site "New York"]
[Date "2024.03.28"]
[Round "2"]
[White "Sinha, Sahil"]
[Black "Mandizha, Farai"]
[Result "1/2-1/2"]
[WhiteElo "2299"]
[BlackElo "2380"]
[PlyCount "51"]
[EventDate "2024.03.27"]
[EventType "tourn"]
[EventRounds "9"]
[EventCountry "USA"]
[EventCategory "6"]
[SourceTitle "CB14_2024"]
[SourceDate "2024.04.01"]
[SourceVersion "1"]
[SourceVersionDate "2024.04.01"]
[SourceQuality "1"]

1. d4 Nf6 2. c4 e6 3. Nc3 Bb4 4. Qc2 0-0 5. Nf3 b6 6. e4 c5 7. d5 exd5 8. exd5 Re8+ 9. Be2 Ba6 10. Be3 d6 11. Rd1 Nbd7 12. 0-0 Bxc3 13. bxc3 h6 14. h3 Nf8 15. Bd3 g5 16. Rde1 Kg7 17. Nd2 Ng6 18. a4 Re7 19. Nf3 Qd7 20. Bd2 Rae8 21. Rxe7 Rxe7 22. a5 bxa5 23. Ra1 Bc8 24. Rxa5 Qc7 25. Ra1 Nd7 26. h4 1/2-1/2

[Event "New York President's Day GM-A"]
[Site "New York"]
[Date "2024.02.20"]
[Round "9"]
[White "Mandizha, Farai"]
[Black "Paragua, Mark"]
[Result "1/2-1/2"]
[WhiteElo "2367"]
[BlackElo "2448"]
[PlyCount "32"]
[EventDate "2024.02.15"]
[EventType "tourn"]
[EventRounds "9"]
[EventCountry "USA"]
[EventCategory "6"]
[SourceTitle "CB08_2024"]
[SourceDate "2024.02.21"]
[SourceVersion "1"]
[SourceVersionDate "2024.02.21"]
[SourceQuality "1"]

1. d4 Nf6 2. c4 e6 3. Nf3 d5 4. g3 Be7 5. Bg2 0-0 6. 0-0 dxc4 7. Qc2 a6 8. a4 Bd7 9. Qxc4 Bc6 10. Bg5 Nbd7 11. Nbd2 h6 12. Bxf6 Nxf6 13. Rfc1 a5 14. e3 Bb4 15. Qc2 Rc8 16. Rd1 Qe7 1/2-1/2

[Event "New York President's Day GM-A"]
[Site "New York"]
[Date "2024.02.17"]
[Round "5"]
[White "Kaliksteyn, Alexander"]
[Black "Mandizha, Farai"]
[Result "0-1"]
[WhiteElo "2363"]
[BlackElo "2367"]
[PlyCount "70"]
[EventDate "2024.02.15"]
[EventType "tourn"]
[EventRounds "9"]
[EventCountry "USA"]
[EventCategory "6"]
[SourceTitle "CB08_2024"]
[SourceDate "2024.02.21"]
[SourceVersion "1"]
[SourceVersionDate "2024.02.21"]
[SourceQuality "1"]

1. c4 e5 2. Nc3 Nc6 3. Nf3 Nf6 4. g3 Bc5 5. Bg2 d6 6. 0-0 a6 7. e3 0-0 8. b3 Ba7 9. Bb2 Bg4 10. h3 Bd7 11. d4 exd4 12. exd4 Re8 13. Qd2 Rb8 14. Rfe1 b5 15. Rxe8+ Bxe8 16. Re1 bxc4 17. bxc4 Na5 18. Bf1 Bd7 19. Nd1 Nc6 20. d5 Ne7 21. Bxf6 gxf6 22. Nc3 Ng6 23. Ne2 Bc5 24. Qc1 Ne5 25. Ned4 Qf8 26. Re4 Qg7 27. Kg2 f5 28. Rh4 Nxf3 29. Nxf3 Rb2 30. Nd2 Rxa2 31. Rf4 Qb2 32. Qe1 Qxd2 33. Qe7 Qe3 34. Qxd7 Rxf2+ 35. Kh1 Rh2+ 0-1

[Event "New York President's Day GM-A"]
[Site "New York"]
[Date "2024.02.15"]
[Round "1"]
[White "Griffith, Kyron"]
[Black "Mandizha, Farai"]
[Result "0-1"]
[WhiteElo "2367"]
[BlackElo "2367"]
[PlyCount "64"]
[EventDate "2024.02.15"]
[EventType "tourn"]
[EventRounds "9"]
[EventCountry "USA"]
[EventCategory "6"]
[SourceTitle "CB08_2024"]
[SourceDate "2024.02.21"]
[SourceVersion "1"]
[SourceVersionDate "2024.02.21"]
[SourceQuality "1"]

1. e4 c5 2. Nf3 d6 3. d4 cxd4 4. Nxd4 Nf6 5. Nc3 a6 6. Rg1 e5 7. Nb3 Be6 8. g4 h6 9. Be3 Nbd7 10. Qf3 Rc8 11. 0-0-0 Rxc3 12. bxc3 Qc7 13. Kb2 Nb6 14. Bxb6 Qxb6 15. Bd3 Be7 16. Qe2 Qc7 17. c4 Nd7 18. Ka1 Nb6 19. Qd2 Nxc4 20. Bxc4 Qxc4 21. Qd3 Qa4 22. f3 0-0 23. Rb1 Bc4 24. Qe3 d5 25. exd5 Bxd5 26. c3 Rc8 27. Qxe5 Be6 28. Rgc1 Bf6 29. Qe1 b5 30. Rb2 b4 31. cxb4 Rxc1+ 32. Nxc1 Qc2 0-1

[Event "Casablanca Mohammed op 4th"]
[Site "Casablanca"]
[Date "2023.08.19"]
[Round "9"]
[White "Msellek, Ilyass"]
[Black "Mandizha, Farai"]
[Result "0-1"]
[WhiteElo "2420"]
[BlackElo "2365"]
[PlyCount "104"]
[EventDate "2023.08.14"]
[EventType "swiss"]
[EventRounds "9"]
[EventCountry "MAR"]
[SourceTitle "CBM 215 Extra"]
[Source "ChessBase"]
[SourceDate "2023.09.30"]
[SourceVersion "1"]
[SourceVersionDate "2023.09.30"]
[SourceQuality "1"]

1. e4 c5 2. Nf3 d6 3. Bb5+ Nd7 4. a4 Ngf6 5. Nc3 g6 6. 0-0 Bg7 7. d4 cxd4 8. Nxd4 0-0 9. Re1 Nc5 10. Bf1 Bd7 11. h3 Rc8 12. Ra3 a6 13. b4 Ne6 14. Be3 a5 15. b5 Nc5 16. f3 e5 17. Nde2 Be6 18. Nd5 Bxd5 19. exd5 Nfd7 20. Nc1 Nb6 21. c4 Ncd7 22. Rc3 e4 23. Bd4 Bxd4+ 24. Qxd4 exf3 25. Rxf3 Nxa4 26. Nb3 Nac5 27. Nd2 Re8 28. Rxe8+ Qxe8 29. Ra3 a4 30. Nf3 Qe7 31. Qd2 Re8 32. Nd4 Ne4 33. Qe3 Ndc5 34. b6 Qd8 35. Nb5 Qxb6 36. Bd3 Qd8 37. Bc2 h5 38. Qd4 h4 39. Re3 Ng3 40. Kf2 Rxe3 41. Kxe3 Qe7+ 42. Kd2 a3 43. Nxa3 Qg5+ 44. Kd1 Nf1 45. Nb5 Ne3+ 46. Kc1 Nxc2+ 47. Kxc2 Qxg2+ 48. Kc3 Qxh3+ 49. Kb4 Qg3 50. Qf6 Qb3+ 51. Ka5 Qa4+ 52. Kb6 Nd7+ 0-1

[Event "Casablanca Mohammed op 4th"]
[Site "Casablanca"]
[Date "2023.08.16"]
[Round "4"]
[White "Mandizha, Farai"]
[Black "Hernandez Moya, Yuleisis"]
[Result "1/2-1/2"]
[WhiteElo "2365"]
[BlackElo "2197"]
[PlyCount "66"]
[EventDate "2023.08.14"]
[EventType "swiss"]
[EventRounds "9"]
[EventCountry "MAR"]
[SourceTitle "CBM 215 Extra"]
[Source "ChessBase"]
[SourceDate "2023.09.30"]
[SourceVersion "1"]
[SourceVersionDate "2023.09.30"]
[SourceQuality "1"]

1. Nf3 Nf6 2. d4 e6 3. c4 Bb4+ 4. Bd2 Qe7 5. g3 Bxd2+ 6. Nbxd2 d6 7. Bg2 0-0 8. 0-0 e5 9. e4 Bg4 10. Qc2 Nbd7 11. Rae1 a5 12. Re3 g6 13. c5 Bxf3 14. cxd6 cxd6 15. Nxf3 Rfc8 16. Qd2 Rc6 17. Rc1 Rxc1+ 18. Qxc1 Qd8 19. dxe5 dxe5 20. Bh3 Qb6 21. Rb3 Qd6 22. Bxd7 Qxd7 23. Qe3 Qd1+ 24. Kg2 Rc8 25. Rxb7 Rc1 26. Kh3 Qf1+ 27. Kh4 Rc4 28. Nd2 Qg2 29. h3 Rd4 30. Qb3 Nd5 31. Qf3 Qxf3 32. Nxf3 Rxe4+ 33. g4 f6 1/2-1/2

[Event "Casablanca Mohammed op 4th"]
[Site "Casablanca"]
[Date "2023.08.15"]
[Round "3"]
[White "Rodrigue Lemieux, Shawn"]
[Black "Mandizha, Farai"]
[Result "1-0"]
[WhiteElo "2493"]
[BlackElo "2365"]
[PlyCount "91"]
[EventDate "2023.08.14"]
[EventType "swiss"]
[EventRounds "9"]
[EventCountry "MAR"]
[SourceTitle "CBM 215 Extra"]
[Source "ChessBase"]
[SourceDate "2023.09.30"]
[SourceVersion "1"]
[SourceVersionDate "2023.09.30"]
[SourceQuality "1"]

1. e4 c5 2. Nf3 d6 3. Bb5+ Nd7 4. Ba4 Ngf6 5. 0-0 a6 6. c4 g6 7. Nc3 Bg7 8. d3 0-0 9. h3 Rb8 10. Be3 e5 11. Rb1 Nh5 12. b4 cxb4 13. Rxb4 Nc5 14. Nd5 Be6 15. Bc2 b5 16. d4 exd4 17. Nxd4 Bd7 18. cxb5 axb5 19. Nf5 Bxf5 20. exf5 Re8 21. Qb1 Re5 22. Rd1 Qe8 23. a4 Ng3 24. fxg6 hxg6 25. Rxb5 Rc8 26. Bb3 Ne2+ 27. Kh1 Rxe3 28. fxe3 Ne4 29. Nf4 Nf2+ 30. Kh2 Nxd1 31. Qxg6 d5 32. Qg4 Nxf4 33. Bxd1 Nd3 34. Qf3 Qe5+ 35. g3 Nc5 36. a5 Qd6 37. h4 Ne4 38. Bb3 Nc3 39. Rb7 Rf8 40. h5 Qa6 41. Bxd5 Nxd5 42. Qxd5 Qe2+ 43. Kh3 Qxe3 44. a6 Be5 45. Rb3 Qe2 46. Rf3 1-0

[Event "US Masters op"]
[Site "Charlotte"]
[Date "2022.11.27"]
[Round "8"]
[White "Cordova, Emilio"]
[Black "Mandizha, Farai"]
[Result "1/2-1/2"]
[WhiteElo "2561"]
[BlackElo "2359"]
[PlyCount "64"]
[EventDate "2022.11.23"]
[EventType "swiss"]
[EventRounds "9"]
[EventCountry "USA"]
[SourceTitle "CBM 211 Extra"]
[Source "ChessBase"]
[SourceDate "2023.01.31"]
[SourceVersion "1"]
[SourceVersionDate "2023.01.31"]
[SourceQuality "1"]

1. Nf3 Nf6 2. c4 g6 3. b3 Bg7 4. Bb2 d6 5. d4 0-0 6. e3 e5 7. Be2 Re8 8. Nc3 Qe7 9. Rc1 e4 10. Nd2 c5 11. d5 h5 12. h3 h4 13. Qc2 Bf5 14. Nf1 g5 15. g3 Nbd7 16. gxh4 gxh4 17. f4 exf3 18. Qxf5 fxe2 19. Kxe2 Bh6 20. Rc2 a6 21. Kd1 Qe5 22. Rf2 Qxf5 23. Rxf5 Re5 24. Rf3 Rg5 25. Nd2 Re8 26. Ne2 Nh5 27. Rhf1 Rg2 28. Nf4 Nxf4 29. exf4 Ree2 30. Bc1 Ne5 31. fxe5 Bxd2 32. Rxf7 Bxc1 1/2-1/2

[Event "US Masters op"]
[Site "Charlotte"]
[Date "2022.11.25"]
[Round "5"]
[White "Stremavicius, Titas"]
[Black "Mandizha, Farai"]
[Result "0-1"]
[WhiteElo "2527"]
[BlackElo "2359"]
[PlyCount "216"]
[EventDate "2022.11.23"]
[EventType "swiss"]
[EventRounds "9"]
[EventCountry "USA"]
[SourceTitle "CBM 211 Extra"]
[Source "ChessBase"]
[SourceDate "2023.01.31"]
[SourceVersion "1"]
[SourceVersionDate "2023.01.31"]
[SourceQuality "1"]

1. c4 e5 2. Nc3 Nc6 3. Nf3 f5 4. g3 Nf6 5. d4 e4 6. Nh4 d6 7. Bg5 Be7 8. e3 0-0 9. Ng2 h6 10. Bxf6 Bxf6 11. h4 Ne7 12. Nf4 c5 13. Nh5 Qb6 14. Nxf6+ Rxf6 15. Qd2 Be6 16. d5 Bd7 17. h5 a6 18. Be2 Kh8 19. b3 Ng8 20. g4 Re8 21. gxf5 Bxf5 22. 0-0-0 Rf7 23. Rdg1 Nf6 24. Rh4 Re5 25. Bd1 Qd8 26. Rh2 b5 27. Kb2 Rb7 28. Be2 Qe8 29. Rh4 b4 30. Nb1 a5 31. a4 Bd7 32. Rgh1 Rf5 33. Bd1 Qe5+ 34. Ka2 Be8 35. R1h2 Bxh5 36. Bxh5 Rxh5 37. Rxh5 Nxh5 38. Rg2 Rf7 39. Qe1 Nf6 40. Qh1 Qf5 41. Nd2 Ng4 42. Qh4 Nf6 43. Qg3 Rd7 44. Kb1 Kh7 45. Kc2 g5 46. Kd1 Kg6 47. Ke2 h5 48. Rh2 Ng4 49. Rg2 Nf6 50. Rh2 g4 51. Ke1 Ne8 52. Qh4 Nf6 53. Qg3 Rd8 54. Rh1 Qg5 55. Rh2 Kf7 56. Ke2 Qf5 57. Rh4 Ke7 58. Qf4 Qg6 59. Nf1 Kd7 60. Ng3 Re8 61. Kf1 Re5 62. Kg2 Kc7 63. Rh1 Kd8 64. Rh4 Ke7 65. Rh1 Kf7 66. Ne2 Qg7 67. Qg3 Qg5 68. Nf4 Qf5 69. Kg1 Ke7 70. Qh4 Kd7 71. Rh2 Kc8 72. Rh1 Kd7 73. Rh2 Ke8 74. Rh1 Kf7 75. Rh2 Kg7 76. Kg2 Kh6 77. Qg3 Kg7 78. Qh4 Kh7 79. Qg3 Kh6 80. Rh1 Re8 81. Rh2 Re5 82. Rh1 Re8 83. Rh2 Rg8 84. Rh1 Rg5 85. Kg1 Qe5 86. Ne6 Rf5 87. Qxe5 Rxe5 88. Nd8 Re7 89. Nc6 Rf7 90. Kg2 g3 91. Kxg3 Ng4 92. Nd8 Rxf2 93. Nb7 Rf3+ 94. Kg2 Nxe3+ 95. Kh2 Ng4+ 96. Kg2 Rf2+ 97. Kg3 Rf3+ 98. Kg2 Ne3+ 99. Kh2 Nf5 100. Rg1 Rxb3 101. Nd8 Rg3 102. Re1 Re3 103. Rg1 Re2+ 104. Kh3 Re3+ 105. Kh2 Rg3 106. Re1 Rg4 107. Rf1 Kg6 108. Ne6 e3 0-1

[Event "US Masters op"]
[Site "Charlotte"]
[Date "2022.11.24"]
[Round "2"]
[White "Mandizha, Farai"]
[Black "Ramirez Alvarez, Alejandro"]
[Result "0-1"]
[WhiteElo "2359"]
[BlackElo "2561"]
[PlyCount "113"]
[EventDate "2022.11.23"]
[EventType "swiss"]
[EventRounds "9"]
[EventCountry "USA"]
[SourceTitle "CBM 211 Extra"]
[Source "ChessBase"]
[SourceDate "2023.01.31"]
[SourceVersion "1"]
[SourceVersionDate "2023.01.31"]
[SourceQuality "1"]

1. d4 Nf6 2. c4 c5 3. d5 b5 4. cxb5 a6 5. e3 axb5 6. Bxb5 Qa5+ 7. Nc3 Bb7 8. Bd2 Qb6 9. a4 Nxd5 10. Nf3 e6 11. 0-0 Be7 12. Ne5 Qc7 13. Nxd5 Bxd5 14. Bc3 Bf6 15. f4 0-0 16. Bd3 d6 17. e4 Bb7 18. Nc4 Bxc3 19. bxc3 Nd7 20. Qe1 d5 21. Nd2 dxe4 22. Nxe4 c4 23. Bc2 Ra5 24. Rb1 g6 25. Ng5 Nf6 26. Qh4 Kg7 27. Rfe1 h6 28. Nxe6+ fxe6 29. Qg3 Kf7 30. Bxg6+ Ke7 31. f5 e5 32. Rb5 Rxb5 33. axb5 Qc5+ 34. Kh1 Kd6 35. Qh4 Kc7 36. h3 Qd5 37. Re2 Kb6 38. Kh2 e4 39. Qxh6 Qe5+ 40. Kg1 Rd8 41. Qe3+ Kc7 42. b6+ Kb8 43. Rd2 Rd3 44. Rxd3 cxd3 45. c4 Bc6 46. Bf7 Kb7 47. g4 Qb2 48. Kf1 Qh2 49. Ke1 Nd7 50. Be8 Qh1+ 51. Kd2 Qg2+ 52. Ke1 Ne5 53. Bxc6+ Kxc6 54. Qh6+ Kc5 55. Qe3+ Kxc4 56. Kd1 Qc2+ 57. Ke1 0-1

[Event "New York Fall GM-B"]
[Site "Long Island City"]
[Date "2022.11.11"]
[Round "5"]
[White "Adewumi, Tanitoluwa"]
[Black "Mandizha, Farai"]
[Result "0-1"]
[WhiteElo "2262"]
[BlackElo "2359"]
[PlyCount "66"]
[EventDate "2022.11.09"]
[EventType "tourn"]
[EventRounds "9"]
[EventCountry "USA"]
[SourceTitle "CBM 211 Extra"]
[Source "ChessBase"]
[SourceDate "2023.01.31"]
[SourceVersion "1"]
[SourceVersionDate "2023.01.31"]
[SourceQuality "1"]

1. e4 c5 2. Nf3 Nc6 3. Bb5 g6 4. Bxc6 dxc6 5. d3 Bg7 6. h3 e5 7. Be3 b6 8. Nc3 h6 9. 0-0 Ne7 10. Nh2 Be6 11. b3 Qd7 12. a4 a5 13. Qe1 f5 14. exf5 gxf5 15. f4 exf4 16. Bxf4 Ng6 17. Bd2 0-0-0 18. Nf3 Rhg8 19. Kh2 Bf8 20. Qe2 Re8 21. d4 Kb7 22. Qd3 Rd8 23. Be3 Bg7 24. Rad1 cxd4 25. Nxd4 Be5+ 26. Kh1 Nh4 27. Rf2 f4 28. Rxf4 Bxf4 29. Bxf4 Nxg2 30. Bh2 Nh4 31. Ne4 Bd5 32. Rf1 Rde8 33. Rf4 Rxe4 0-1

[Event "Washington op 9th"]
[Site "Rockville"]
[Date "2022.08.15"]
[Round "5"]
[White "Mandizha, Farai"]
[Black "Gazik, Viktor"]
[Result "0-1"]
[WhiteElo "2359"]
[BlackElo "2526"]
[PlyCount "112"]
[EventDate "2022.08.13"]
[EventType "swiss"]
[EventRounds "9"]
[EventCountry "USA"]
[SourceTitle "CBM 209 Extra"]
[Source "ChessBase"]
[SourceDate "2022.09.30"]
[SourceVersion "1"]
[SourceVersionDate "2022.09.30"]
[SourceQuality "1"]

1. d4 Nf6 2. c4 e6 3. Nf3 Bb4+ 4. Bd2 Qe7 5. Qc2 Bxd2+ 6. Nbxd2 d6 7. e4 e5 8. c5 0-0 9. Rc1 Bg4 10. d5 Nbd7 11. b4 a5 12. c6 bxc6 13. dxc6 Nb6 14. b5 Bxf3 15. Nxf3 d5 16. Nd2 Rfd8 17. Be2 Nxe4 18. Nxe4 dxe4 19. 0-0 Rd4 20. Rfe1 Rad8 21. Bf1 Qg5 22. a3 g6 23. Qc5 Kg7 24. h4 Qf6 25. g3 a4 26. Rc2 Qd6 27. Qxd6 R8xd6 28. f3 f6 29. fxe4 Rd2 30. Rc3 Kf8 31. g4 h6 32. g5 hxg5 33. hxg5 Kg7 34. gxf6+ Kxf6 35. Ree3 R6d4 36. Be2 Rb2 37. Kf1 Ke7 38. Ke1 Rb1+ 39. Kf2 Rd2 40. Kg3 Rb3 41. Bf1 Rdb2 42. Kg4 Rf2 43. Rf3 Rxc3 44. Rxf2 Rxa3 45. Rh2 Ra1 46. Bd3 a3 47. Rg2 a2 48. Kg5 Rd1 49. Rxa2 Rxd3 50. Kxg6 Ke6 51. Ra7 Rg3+ 52. Kh5 Kd6 53. Ra1 Rb3 54. Rd1+ Kc5 55. Rd7 Nxd7 56. cxd7 Rd3 0-1

[Event "Philadelphia int op 15th"]
[Site "Philadelphia"]
[Date "2022.06.27"]
[Round "6"]
[White "Cordova, Emilio"]
[Black "Mandizha, Farai"]
[Result "1/2-1/2"]
[WhiteElo "2549"]
[BlackElo "2364"]
[PlyCount "56"]
[EventDate "2022.06.24"]
[EventType "swiss"]
[EventRounds "9"]
[EventCountry "USA"]
[SourceTitle "CBM 209 Extra"]
[Source "ChessBase"]
[SourceDate "2022.09.30"]
[SourceVersion "1"]
[SourceVersionDate "2022.09.30"]
[SourceQuality "1"]

1. Nf3 Nf6 2. g3 d5 3. Bg2 g6 4. b3 Bg7 5. Bb2 0-0 6. c4 c6 7. 0-0 Nbd7 8. d3 Re8 9. cxd5 cxd5 10. Nc3 e5 11. Rc1 a6 12. Na4 Bf8 13. d4 e4 14. Ne5 Bd6 15. f4 exf3 16. Rxf3 Qe7 17. Qf1 b5 18. Nb6 Nxb6 19. Rxf6 Be6 20. Rc6 Nd7 21. Rxe6 fxe6 22. Rxd6 Rf8 23. Rxd7 Rxf1+ 24. Bxf1 Qg5 25. Bh3 Re8 26. Nf3 Qe3+ 27. Kf1 Rf8 28. Rc7 Rxf3+ 1/2-1/2

[Event "US Masters op"]
[Site "Greensboro"]
[Date "2019.08.22"]
[Round "3"]
[White "Mandizha, Farai"]
[Black "Yanayt, Eugene"]
[Result "1-0"]
[WhiteElo "2389"]
[BlackElo "2264"]
[PlyCount "73"]
[EventDate "2019.08.21"]
[EventType "swiss"]
[EventRounds "9"]
[EventCountry "USA"]
[SourceTitle "EXT 2020"]
[Source "ChessBase"]
[SourceDate "2019.10.17"]
[SourceVersion "1"]
[SourceVersionDate "2019.10.17"]
[SourceQuality "1"]

1. Nf3 Nf6 2. c4 g6 3. Nc3 Bg7 4. e4 d6 5. d4 0-0 6. Be2 e5 7. 0-0 Nc6 8. Be3 Re8 9. d5 Nd4 10. Rc1 Nxe2+ 11. Qxe2 Ng4 12. Bg5 f6 13. Bh4 c5 14. dxc6 bxc6 15. Rfd1 Be6 16. c5 d5 17. Qa6 g5 18. Bg3 d4 19. Qxc6 Rc8 20. Qb5 Rb8 21. Qa4 Rxb2 22. Nd5 h5 23. Nc7 Re7 24. Nxe6 Rxe6 25. Qc4 Qc8 26. h3 h4 27. Bxh4 gxh4 28. hxg4 Bh6 29. Rb1 Rxb1 30. Rxb1 Kf8 31. Nxh4 Rc6 32. Nf5 Rxc5 33. Qb4 Bf4 34. g3 a5 35. Qb6 Rc6 36. Qxa5 Bg5 37. Qa3+ 1-0

[Event "US Masters op"]
[Site "Greensboro"]
[Date "2019.08.21"]
[Round "1"]
[White "Mandizha, Farai"]
[Black "Sheppard, Dore A"]
[Result "1-0"]
[WhiteElo "2389"]
[BlackElo "2023"]
[PlyCount "63"]
[EventDate "2019.08.21"]
[EventType "swiss"]
[EventRounds "9"]
[EventCountry "USA"]
[SourceTitle "EXT 2020"]
[Source "ChessBase"]
[SourceDate "2019.10.17"]
[SourceVersion "1"]
[SourceVersionDate "2019.10.17"]
[SourceQuality "1"]

1. e4 c5 2. Nf3 e6 3. d3 Nc6 4. g3 Bd6 5. Bg2 Nge7 6. 0-0 Bc7 7. d4 cxd4 8. Nxd4 Nxd4 9. Qxd4 0-0 10. c4 Nc6 11. Qd3 d6 12. Nc3 a6 13. Be3 Bd7 14. Rad1 b6 15. f4 Be8 16. Qe2 Qe7 17. Rd2 Rb8 18. Rfd1 Nd8 19. b4 Bc6 20. a4 Be8 21. b5 axb5 22. axb5 Nb7 23. Na4 Na5 24. Bf1 Qf6 25. Qf2 Nb3 26. Ra2 Nc5 27. Nxc5 dxc5 28. Ra7 Rc8 29. e5 Qg6 30. Qf3 Qc2 31. Bd3 Qb3 32. Bxc5 1-0

[Event "Charlotte CCCSA GM"]
[Site "Charlotte"]
[Date "2018.09.01"]
[Round "4"]
[White "Korley, Kassa"]
[Black "Mandizha, Farai"]
[Result "1-0"]
[WhiteElo "2458"]
[BlackElo "2379"]
[PlyCount "119"]
[EventDate "2018.08.30"]
[EventType "tourn"]
[EventRounds "9"]
[EventCountry "USA"]
[EventCategory "8"]
[SourceTitle "CBM 186 Extra"]
[Source "ChessBase"]
[SourceDate "2018.08.24"]
[SourceVersion "1"]
[SourceVersionDate "2018.08.24"]
[SourceQuality "1"]

1. Nf3 Nf6 2. c4 g6 3. Nc3 Bg7 4. e4 d6 5. d4 0-0 6. Be2 c6 7. 0-0 e5 8. d5 Na6 9. Bg5 h6 10. Bh4 g5 11. Bg3 Nh5 12. Nd2 Nxg3 13. hxg3 f5 14. exf5 Bxf5 15. Nde4 c5 16. a3 Qd7 17. g4 Bh7 18. Bd3 Rf4 19. f3 Nc7 20. Ne2 Ne8 21. Qc2 Rf7 22. b4 Qe7 23. N2g3 Rc8 24. Rae1 cxb4 25. axb4 Qc7 26. Qf2 a5 27. bxa5 Qxa5 28. Ra1 Qd8 29. Rfb1 Ra8 30. Qb2 Bf8 31. Rxa8 Qxa8 32. Ra1 Qb8 33. Qb1 Kh8 34. Nd2 e4 35. Bxe4 Bg7 36. Ra2 Be5 37. Nh5 Bg8 38. g3 Ng7 39. Nxg7 Kxg7 40. Kg2 Qc7 41. Qb5 Re7 42. Bf5 Bf7 43. Ra8 Bd4 44. Ne4 Re5 45. Rc8 Qe7 46. Qd7 Qxd7 47. Bxd7 Bg6 48. Bf5 Bxf5 49. gxf5 Rxf5 50. g4 Re5 51. Rc7+ Kf8 52. Rxb7 Re8 53. Nxd6 Re2+ 54. Kf1 Rd2 55. Nf5 Bc5 56. Rc7 Bb4 57. Nxh6 Ke8 58. Nf5 Kd8 59. Rg7 Bc3 60. Rxg5 1-0

[Event "Charlotte CCCSA GM"]
[Site "Charlotte"]
[Date "2018.08.31"]
[Round "3"]
[White "Mandizha, Farai"]
[Black "Katz, Alexander R"]
[Result "1/2-1/2"]
[WhiteElo "2379"]
[BlackElo "2404"]
[PlyCount "134"]
[EventDate "2018.08.30"]
[EventType "tourn"]
[EventRounds "9"]
[EventCountry "USA"]
[EventCategory "8"]
[SourceTitle "CBM 186 Extra"]
[Source "ChessBase"]
[SourceDate "2018.08.24"]
[SourceVersion "1"]
[SourceVersionDate "2018.08.24"]
[SourceQuality "1"]

1. Nf3 Nf6 2. c4 e6 3. d4 d5 4. Nc3 a6 5. cxd5 exd5 6. Bg5 Be6 7. e3 Nbd7 8. Bd3 Bd6 9. Qc2 c6 10. Bf4 Qe7 11. 0-0 0-0 12. Bg5 Qe8 13. Nd2 c5 14. dxc5 Bxc5 15. Bxf6 Nxf6 16. Nxd5 Bxd5 17. Qxc5 Rd8 18. Qc2 Bxg2 19. Kxg2 Qd7 20. Bf5 Qxd2 21. Rfd1 Qa5 22. Rxd8 Rxd8 23. Rd1 Rxd1 24. Qxd1 g6 25. Bc8 Qg5+ 26. Kf1 Qb5+ 27. Kg2 Qc6+ 28. Qf3 Qxc8 29. Qxf6 Qg4+ 30. Kf1 Qc4+ 31. Kg2 Qxa2 32. Qd8+ Kg7 33. Qd4+ f6 34. Qd7+ Qf7 35. Qd6 a5 36. e4 b5 37. f3 Qb7 38. e5 fxe5 39. Qxe5+ Kf7 40. Qh8 Ke6 41. Qe8+ Kf5 42. Qf8+ Ke5 43. Qe8+ Kd4 44. Qh8+ Kc5 45. Qe5+ Kb6 46. Qd4+ Ka6 47. Qd6+ Qb6 48. Qd7 a4 49. Qc8+ Ka5 50. Qc3+ b4 51. Qe5+ Ka6 52. Qe8 Ka5 53. Qe5+ Qb5 54. Qc7+ Ka6 55. Qc8+ Qb7 56. Qc4+ Ka7 57. Qd4+ Ka6 58. Qc4+ Qb5 59. Qc8+ Ka7 60. Qc7+ Ka8 61. Qc8+ Ka7 62. Qc7+ Qb7 63. Qa5+ Qa6 64. Qxb4 Qe2+ 65. Kg3 Qe5+ 66. Kg2 Qe2+ 67. Kg3 Qe5+ 1/2-1/2

[Event "US Masters op"]
[Site "Greensboro"]
[Date "2018.08.20"]
[Round "7"]
[White "Mandizha, Farai"]
[Black "Morefield, Jason P"]
[Result "1-0"]
[WhiteElo "2379"]
[BlackElo "2103"]
[PlyCount "129"]
[EventDate "2018.08.17"]
[EventType "swiss"]
[EventRounds "9"]
[EventCountry "USA"]
[SourceTitle "CBM 186 Extra"]
[Source "ChessBase"]
[SourceDate "2018.08.24"]
[SourceVersion "1"]
[SourceVersionDate "2018.08.24"]
[SourceQuality "1"]

1. e4 e5 2. Nf3 Nc6 3. Bb5 a6 4. Bxc6 dxc6 5. 0-0 Bg4 6. h3 h5 7. d3 Qf6 8. Re1 Bxf3 9. Qxf3 Qxf3 10. gxf3 Bd6 11. c3 Ne7 12. Be3 Ng6 13. Nd2 f6 14. Kf1 Nh4 15. Ke2 g5 16. a4 Kd7 17. Red1 Rag8 18. Nc4 g4 19. hxg4 hxg4 20. fxg4 Rxg4 21. Rh1 f5 22. exf5 Rhg8 23. f6 Ke6 24. Nd2 Kxf6 25. Ne4+ Ke6 26. Bg5 Nf5 27. Rh5 Be7 28. Bxe7 Nxe7 29. Nc5+ Kd5 30. b4 Ng6 31. c4+ Kd6 32. Rh7 Nf4+ 33. Kf3 R4g7 34. Nxb7+ Ke6 35. Nc5+ Kf5 36. Rxg7 Rxg7 37. Ke3 Rh7 38. Ne4 Rd7 39. Rd1 Rd8 40. Nc5 Rb8 41. Nxa6 Rb6 42. b5 cxb5 43. cxb5 c6 44. Nb4 cxb5 45. a5 Rb8 46. Rh1 Ra8 47. a6 Ra7 48. Rh8 Ne6 49. Rb8 Nd4 50. Rb7 Ra8 51. Rb6 Ra7 52. Rb7 Ra8 53. f4 Ne6 54. fxe5 Kxe5 55. Rxb5+ Kd6 56. d4 Nc7 57. Rb6+ Kd7 58. d5 Rh8 59. Kd4 Na8 60. Rg6 Nc7 61. Kc5 Kc8 62. d6 Na8 63. Rg7 Rf8 64. Nc6 Rf5+ 65. Kd4 1-0

[Event "US Masters op"]
[Site "Greensboro"]
[Date "2018.08.20"]
[Round "6"]
[White "Shabalov, Alexander"]
[Black "Mandizha, Farai"]
[Result "1-0"]
[WhiteElo "2584"]
[BlackElo "2379"]
[PlyCount "95"]
[EventDate "2018.08.17"]
[EventType "swiss"]
[EventRounds "9"]
[EventCountry "USA"]
[SourceTitle "CBM 186 Extra"]
[Source "ChessBase"]
[SourceDate "2018.08.24"]
[SourceVersion "1"]
[SourceVersionDate "2018.08.24"]
[SourceQuality "1"]

1. c4 e5 2. Nc3 Nc6 3. Nf3 f5 4. d3 Nf6 5. g3 Bc5 6. Bg2 d6 7. 0-0 a6 8. a3 0-0 9. b4 Ba7 10. e3 Qe8 11. b5 axb5 12. Nxb5 Bb6 13. d4 e4 14. Nd2 Na7 15. Nc3 Nc6 16. a4 Nb4 17. Ba3 Nd3 18. Nb5 Bd7 19. Qc2 Qh5 20. c5 Ba5 21. cxd6 c6 22. Nc7 Bxd2 23. Qxd2 Rxa4 24. f3 c5 25. fxe4 fxe4 26. dxc5 Ne5 27. Nd5 Nf3+ 28. Bxf3 exf3 29. Nxf6+ Rxf6 30. Rf2 Qe5 31. Qc1 Rf5 32. Rb1 Rg4 33. Rxb7 Rxg3+ 34. hxg3 Qxg3+ 35. Kf1 Qh3+ 36. Ke1 Rd5 37. Qc4 Be6 38. Qxd5 Bxd5 39. d7 Qh1+ 40. Kd2 Qh4 41. Rb8+ Kf7 42. d8Q Qxf2+ 43. Kc3 Qxe3+ 44. Kb4 Qe1+ 45. Kb5 Qe2+ 46. Kb6 h5 47. Qd6 Qe7 48. Qxe7+ 1-0